00812nam a2200217 a 450000100100000000500170001000800410002702000180006804000250008608200180011124500840012926000480021330000280026165000500028965000370033965000380037670000380041404900090045295201160046199900170057700002635220260417182716.0110314s1997 cu 000 p spa d a9789592602144 aDO-SdBNPbspacBNPHU aH863.9bP745a00aPoesías de amor hispanoamericanas /cSelección y prólogo Mario Benedetti. aLa Habana :bCasa de las Américas,c1997. a307 p. :bil. ;c20 cm. 4aPoesía hispanoaméricanaxColecciones9317 0aLiteratura hispanoamericana9318 4aAutores latinoaméricanos9439531 aBenedetti, Mario,bpról.953377 aBNPD 001050718MOaPDbPDcCTd2011-03-14iLF1l0oH863.9 P745ap26352-10r2020-06-25w2020-06-25y1ZNo se presta c25844d25844